1618 1184 1594 1004 1091 1823 1114 1209 1623 1295 1074 1184 1548 1617 1569 1647 1675 1364 1016 1201 1049 1693 1570 1717 1345 1071 1487 1969 1489 1662 1972 1244 1141 1916 1976 1266 1139 1190 1861 1903 1918 1625 1229 1440 1179 1775 1411 1798 1627 1710 1829 1627 1935 1678 1724 1001 1555 1046 1220 1502 1589 1551 1295 1553 1060 1524 1238 1858 1969 1968 1117 1334 1596 1456 1868 1215 1234 1457 1113 1452 1272 1063 1127 1683 1458 1789 1620 1246 1503 1031 1660 1828 1012 1425 1295 1301 1854 1078 1286 BCNSPRNW ULIB Ver.6.0+V

เปลี่ยนเป็นภาษาไทย

Change to English
 แสดงรายละเอียดบรรณานุกรม
  กลับหน้าหลัก

Brief Record : Get Marc (ISO 2709) : E-mail record : QR code < ปิดหน้าต่าง
LEADER : 00000nam 2200000uu 4500
001    13399122763
003     ULIB
008    020711s2555 th a 000 0 tha d
020    9786163054890
060  4 WS113^bพ713L
100    พิภพ จิรภิญโญ
245    คัมภีร์เลี้ยงลูกให้เก่งและดี ดีกรีฮาร์วาร์ด :^bLovely DNA สายพันธุ์แห่งรัก /^cพิภพ จิรภิญโญ
246 21 Lovely DNA สายพันธุ์แห่งรัก
250    พิมพ์ครั้งที่ 1
260    กรุงเทพฯ^bอมรินทร์,^c2555
300    241 หน้า
500    หนังสือชุด คัมภีร์เลี้ยงลูกให้เก่งและดี ดีกรีฮาร์วาร์ด มี 4 เล่ม คือพื้นฐานในการเลี้ยงลูกให้เก่งและดี,Lovely DNA สายพันธุ์แห่งรัก,เลี้ยงลูกผ่าน E-mail,สายพันธุ์แห่งรักในฮาร์วาร์ด
650  7 เลี้ยงลูก
710 1  มหาวิทยาลัยมหิดล.^bคณะแพทยศาสตร์ศิริราชพยาบาล.^bภาควิชากุมารเวชศาสตร์
945    ^p180^l0^i20211
999    ^aทศพร
รายการนี้ยังไม่มีแท็ก
คุณยังไม่ได้ล็อกอิน คุณสามารถมีกิจกรรมร่วมกับเว็บไซต์ได้ แต่ต้องล็อกอินก่อน ::
  ล็อกอิน

รายการสื่อสารสนเทศ

ลำดับที่ ประเภท เลขเรียก/บาร์โค้ด สถานที่ สถานะ
1. วิทยาศาสตร์การแพทย์ และสุขภาพ
วิทยาศาสตร์การแพทย์ และสุขภาพ
สถานะ=หนังสือเก่า
WS113 พ713L ฉ.1 
  Barcode: 20211
ห้องสมุดวิทยาเขตนครสวรรค์
►ส่วนจัดเก็บหนังสือเก่า นว.
บนชั้น
  ขอยืม

รายการใกล้เคียง
    ผู้แต่ง [พิภพ จิรภิญโญ]

    หัวเรื่อง [เลี้ยงลูก]

BibComment


ยังไม่เคยถูกคอมเมนท์

คอมเมนท์ทรัพยากรรายการนี้
  คอมเมนท์: คัมภีร์เลี้ยงลูกใ..


 Copyright 2026. Bcnsprnw @Library